[Event "EU-chT (Men) 20th"]
[Site "Reykjavik"]
[Date "2015.11.19"]
[Round "6.2"]
[White "Hammer, Jon Ludvig"]
[Black "Rapport, Richard"]
[Result "1/2-1/2"]
[WhiteElo "2682"]
[BlackElo "2693"]
[Annotator "Krasenkow,M"]
[PlyCount "142"]
[EventDate "2015.11.13"]
[EventType "team-swiss"]
[EventRounds "9"]
[EventCountry "ISL"]
[SourceTitle "CBM 170"]
[Source "ChessBase"]
[SourceDate "2016.01.15"]
[SourceVersion "1"]
[SourceVersionDate "2016.01.15"]
[SourceQuality "1"]
[WhiteTeam "Norway"]
[BlackTeam "Hungary"]
[WhiteTeamCountry "NOR"]
[BlackTeamCountry "HUN"]

1. d4 d5 2. c4 Nc6 3. Nf3 Bg4 4. cxd5 Bxf3 5. gxf3 Qxd5 6. e3 e5 7. Nc3 Bb4 8.
Bd2 Bxc3 9. bxc3 Qd6 10. Rb1 O-O-O 11. Qb3 b6 12. Qxf7 {One of the main lines
of the Chigorin Defence. White has won a pawn and has a potentially strong
bishop pair. However, he is yet to complete his development.} Kb8 (12... Nge7
13. Bh3+ Kb8 14. Qe6 Rhf8 15. Qxd6 Rxd6 16. Ke2 Nf5 17. d5 Na5 18. c4 Nxc4 19.
Bb4 Rh6 20. Bxf8 Rxh3 21. Rb4 $16 {1/2 (29) Jasnikowski,Z (2392)-Brustkern,J 
(2299) Germany 2011}) (12... exd4 13. cxd4 Kb8 14. Bb5 (14. Be2 $14 {is more
cautious}) 14... Nge7 15. Qc4 Rhf8 16. f4 Qg6 17. Qd3 Nf5 18. Rc1 Ncxd4 19.
exd4 Rxd4 $44 {0-1 (32) Mihailovs,J (2388)-Perez Mitjans,O (2438) Barbera del
Valles 2008}) (12... Nf6 13. Bh3+ (13. Qc4 Rhe8 14. Be2 Kb8 15. Kf1 e4 16. Rg1
Ne7 17. f4 Qd7 18. Ke1 Nf5 19. Qc5 Ka8 20. Qb5 c6 21. Qa4 $14 {1-0 (48)
Vlashki,N (2214)-Glavchev,S (2137) Sunny Beach 2013}) 13... Kb8 14. O-O Rde8
15. Qc4 g5 16. Bg2 (16. Qc5 Qxc5 17. dxc5 e4 18. cxb6 axb6 19. fxe4 g4 20. Bg2
Ne5 $44 {1/2 (84) Mueller,K (2518)-Pirrot,D (2421) Saarbruecken 2002}) 16... e4
17. fxe4 Nxe4 18. Be1 g4 19. Rb5 Rhf8 20. Qd5 Qg6 21. Qh5 Qg8 22. Rf5 Rxf5 23.
Qxf5 Qg6 24. Qxg6 hxg6 25. h3 gxh3 26. Bxh3 $16 {1-0 (32) Gerstner,W (2374)
-Pirrot,D (2421) Germany 2003}) (12... Nh6 {is the most logical move:} 13. Qh5
$5 (13. Qc4 Rhf8 (13... exd4 14. cxd4 Rhe8 15. Bh3+ Kb8 16. O-O g5 17. Rfc1 Kb7
18. Rb5 $18 {1-0 (24) Kaspi,A (2475)-Fakhiridou,E (2140) Kavala 1996}) 14. Bd3
$5 Rxf3 15. Be4 Rf6 16. d5 Nb8 (16... Na5 17. Qa6+ Nb7 18. c4 Kb8 19. Bb4 $16 {
1-0 (34) Bogner,S (2511)-Spanton,T (2034) Triesen 2009}) 17. Rf1 Rdf8 18. f3
Nf5 19. Ke2 Qd7 $132 {1/2 (44) Marzolo,C (2393)-Miladinovic,I (2607)
Gonfreville 2006}) 13... Kb8 14. Bh3 Rhf8 15. O-O Nf5 16. f4 exf4 17. e4 g6 18.
Qd1 Nh4 19. f3 g5 20. Be1 Ng6 21. Rb5 $14 {1-0 (45) Zilka,S (2479)-Biolek,R 
(2413) Czechia 2010}) 13. Qc4 (13. Bg2 $6 Nh6 14. Qc4 Qg6 15. O-O Nf5 16. f4
Na5 17. Qd3 Nxd4 18. Qxg6 Ne2+ 19. Kh1 hxg6 20. Be1 Nc4 21. Bf3 Nd2 22. Bxd2
Rxd2 23. fxe5 Nxc3 $13 {1-0 (40) Vatter,H (2299)-Pirrot,D (2406) Bad
Woerishofen 2004}) (13. Bh3 Nh6 14. Qc4 Qg6 $132) 13... Qf6 14. Bg2 Nge7 15. f4
{White opens up the long diagonal for his bishop. However, it was better to
complete development:} (15. O-O) 15... exf4 16. exf4 Na5 17. Qa6 $6 {Too
optimistic. Black's counterplay now comes first.} (17. Qd3 $5 Qe6+ 18. Qe4 (18.
Be3 Qxa2 19. O-O Qc4 $132) {but after} 18... Qxe4+ 19. Bxe4 Nc4 {Black should
equalise.}) 17... Qe6+ 18. Be3 $2 (18. Qe2 Qxa2 19. O-O Nd5 {is comfortable
for Black; however, after the text move White gets into serious trouble.})
18... Nf5 19. O-O Nh4 {[%mdl 96] After the exchange of White's light-squared
bishop his king will be unsafe. Of course, he has no time to capture Black's
a5 knight.} 20. Rb5 (20. Qxa5 $2 Qg4 21. Rxb6+ $8 cxb6 22. Qe5+ Kc8 23. Qe4
Qxg2+ 24. Qxg2 Nxg2 25. Kxg2 Rd5 $17) 20... Nxg2 21. f5 Qc8 $6 {A wrong
decision. In the endgame White keeps an extra pawn (at least temporarily) and
holds his ground despite the weakness of the light squares.} (21... Qe4 22.
Rxa5 Qa8 $5 (22... bxa5 23. d5 $1 Nxe3 24. Qb5+ Kc8 25. Qa6+ $11 Kd7 26. Qc6+
Ke7 $4 27. d6+) 23. Bg5 Rde8 24. d5 Ne1 25. Be3 Nf3+ 26. Kh1 Rhf8 $36) (21...
Qc4 $5 22. Rxa5 (22. Kxg2 Nb7 23. Rfb1 Rhf8 24. R1b4 Qc6+ 25. Kg1 Rd5 $17)
22... Qxa6 23. Rxa6 Kb7 24. Ra4 Nh4 $15) 22. Qxc8+ Kxc8 23. Kxg2 Rhf8 24. Re1
Nc4 25. Bg5 (25. Bf4 $142 Rd7 26. Re6 Rdf7 $140 27. Bg3 Rxf5 $2 28. Rxf5 Rxf5
29. Rc6) 25... Rd7 26. f6 h6 $1 (26... gxf6 27. Bf4 $11 {[%csl Gb5,Ge1,Gf4]})
27. Bh4 g5 28. Bg3 Rxf6 $15 {[%csl Gc4]} 29. h4 {A good idea in defence - to
reduce the number of pawns.} (29. Rb4 Rc6) 29... gxh4 30. Bxh4 Rc6 31. Bg3 a6
32. Rh5 (32. Rf5 b5 $15) 32... Kb7 (32... Na3 {[%cal Ya3b5] , immediately
attacking the c3-pawn, was more promising.}) 33. f4 (33. Be5 $5) 33... Rf7 34.
f5 Rcf6 35. Kh3 Rxf5 36. Rxf5 (36. Rxh6 $2 Rf3) 36... Rxf5 {[%mdl 4096]} 37.
Re7 Kc6 38. Rxc7+ Kd5 39. Rd7+ Ke4 40. Rh7 Rf3 $6 (40... Ra5 $142 $5 41. Rxh6
Rxa2 42. Rh4+ Kd5 (42... Kd3 43. d5 $132) 43. Rh5+ Kc6 44. Rh6+ Kb5 {with good
winning chances.}) 41. Re7+ Kd5 42. Rd7+ Ke6 43. Rd8 Ke7 (43... Rxc3 44. d5+
Kf7 (44... Ke7 45. Rh8) 45. Rh8 Ra3 46. Rxh6 Rxa2 47. Bf4 {with sufficient
counterplay for White.}) 44. Rc8 Nd6 45. Rb8 Rxc3 46. Rxb6 a5 (46... Ne4 47.
Rxa6 Rxg3+ (47... Nxg3 48. Kg4 h5+ 49. Kh4) 48. Kh2 h5 49. Ra5 {, and White
captures Black's last pawn as after} Rg5 50. Rxg5 Nxg5 51. Kg3 Ne6 52. Kh4 Ng7
53. a4 {White's passed pawns guarantee him a draw.}) 47. Kg4 h5+ 48. Kf4 Rd3
49. Ra6 Rxd4+ 50. Ke5 Rd3 51. Ra7+ Kf8 52. Bf4 {White's pieces have gained
maximal activity, the draw is inevitable.} Nc4+ 53. Kf6 Ke8 54. Ke6 Rd4 55.
Ra8+ Rd8 56. Ra7 Rd4 57. Ra8+ Rd8 58. Ra6 Rd4 59. Bc7 Re4+ 60. Kd5 Rg4 61. Rh6
Ne3+ 62. Kc6 Rc4+ 63. Kb7 h4 64. Bxa5 Nf5 65. Rf6 Rc5 66. Kb6 Rd5 67. Bb4 h3
68. Kc6 Ne7+ 69. Bxe7 Kxe7 70. Rh6 Ra5 71. Rxh3 Rxa2 1/2-1/2

[Event "Biel GM 48th"]
[Site "Biel"]
[Date "2015.07.22"]
[Round "3"]
[White "Navara, David"]
[Black "Rapport, Richard"]
[Result "1-0"]
[WhiteElo "2724"]
[BlackElo "2671"]
[Annotator "Krasenkow,M"]
[PlyCount "95"]
[EventDate "2015.07.20"]
[EventType "tourn"]
[EventRounds "10"]
[EventCountry "SUI"]
[EventCategory "19"]
[SourceTitle "CBM 168"]
[Source "ChessBase"]
[SourceDate "2015.09.14"]
[SourceVersion "1"]
[SourceVersionDate "2015.09.14"]
[SourceQuality "1"]

1. d4 d5 2. c4 Nc6 3. Nc3 Nf6 {An unusual but possible continuation.} (3...
dxc4 {is the main move in this branch of the Chigorin Defence.}) 4. cxd5 {
Other options:} (4. Nf3) (4. Bg5) ({or even simply} 4. e3) 4... Nxd5 5. Nf3 (5.
e4 Nxc3 6. bxc3 e5 {etc. has been seen in a number of games, too.}) {The idea
of the text move is to prevent ...e7-e5 but...} 5... e5 $5 {[%mdl 512] Black
sacrifices a pawn to obtain a development advantage.} (5... Bg4 {is the main
line here (that position can also arise after 4.Nf3 Bg4 5.cxd5 Nxd5).}) 6. dxe5
(6. Nxe5 $143 Nxc3 7. bxc3 Nxe5 8. dxe5 Qxd1+ 9. Kxd1 Bf5 10. e3 O-O-O+ 11. Ke1
Bc5 12. Bc4 Rhe8 13. Bxf7 Rxe5 14. Bb3 Be4 15. Kf1 {1/2 (15) Antoshin,
V-Voiculescu,P Upsala 1956}) 6... Be6 (6... Bb4 $5 {is seen more often:} 7. Bd2
Nxc3 8. bxc3 Ba5 (8... Bc5 9. Qb3 $14) 9. e4 $5 (9. Qa4 O-O 10. e3 Qd5 (10...
Qe7 11. Bb5 Qc5 12. Bxc6 bxc6 13. O-O Bb6 14. c4 a5 15. Bc3 $16 {1-0 (28)
Jaracz,P (2543)-Barletta,M (2211) Arvier 2010}) 11. Bc4 Qc5 12. Qb5 Qxb5 13.
Bxb5 Bd7 14. c4 Bxd2+ 15. Kxd2 Rfe8 16. Rab1 a6 17. Bxc6 Bxc6 18. Kc3 Rad8 19.
Rhd1 Rxd1 20. Rxd1 Kf8 $11 {1/2 (48) Pardo Simon,D (2468)-Perez Mitjans,O 
(2434) Badalona 2015}) 9... Qe7 10. Bb5 Qc5 11. Qa4 Bd7 {0-1 (33) Mikrut,D 
(2356)-Kukawski,M (2284) Szklarska Poreba 2013} 12. Qc4 $5 $14 {This line
needs more tests.}) 7. Bg5 (7. Nxd5 Bxd5 8. Bd2 Qd7 $44 {[%cal Ye8c8]} (8...
Bc5 9. Qc2 Qe7 10. e4 Be6 11. Bb5 Bd7 12. O-O Nxe5 13. Bxd7+ Nxd7 14. e5 h6 15.
b4 Bb6 16. a4 c5 17. a5 Bc7 18. Rfe1 $14 {1/2 (55) Kozak,M (2145)-Vojta,T 
(2373) Czechia 2015})) 7... Nxc3 8. Qxd8+ Nxd8 9. bxc3 h6 10. Bh4 {After this
retreat the bishop becomes passive so it was probably better just to trade it,
however surprising it looks:} (10. Bxd8 $5 Rxd8 11. e3 {, and Black must fight
for equality.}) 10... Nc6 11. e3 Bd5 (11... g5 $5 12. Bg3 O-O-O {as in the
event of} 13. Nd4 {Black manages to get good counterplay:} Nxd4 14. cxd4 (14.
exd4 Ba3 {[%cal Yc7c5]}) 14... Bb4+ 15. Ke2 Kb8 {[%cal Yc7c5]}) 12. Bb5 g5 13.
Bg3 O-O-O 14. O-O a6 15. Bxc6 bxc6 $6 ({Why not} 15... Bxc6 16. Nd4 Bd5 {
? Black's strong bishop pair guarantees him decent compensation for the
missing pawn. After destroying his own pawn structure Black must be worse.})
16. h4 Rg8 17. hxg5 hxg5 18. Nd4 $6 {An unnecessary manoeuvre.} (18. Rfd1 $5
Ba3 19. Rd2 Bxf3 20. Rxd8+ Rxd8 21. gxf3 Bb2 22. Rb1 Bxc3 23. Rc1 Rd3 24. Kg2
$14) 18... c5 19. Nb3 Rg6 $1 {[%cal Yg6b6]} 20. Rfd1 Be7 21. Rd2 Rb6 (21... Rh6
22. f3) 22. Nxc5 {This tactical blow is not killing.} Rh6 ({Not, of course,} 
22... Bxc5 $2 23. Rad1 {, regaining the piece with a clear advantage.}) (22...
Rc6 $5 {was possible but the text move is more active.}) 23. Rad1 Rdh8 24. f3
Bxa2 25. Kf2 Bc4 $44 {Instead of weak doubled pawns, Black now has a strong
passed a-pawn, which guarantees him sufficient counterplay.} 26. Ne4 (26. Rd4
$142 Bb5 27. Ne4 Rh1 28. c4 Rxd1 $140 29. Rxd1 Bxc4 30. Nd6+ cxd6 31. exd6 $11)
26... Rh1 (26... a5 $5 27. Rd4 Bb3 {[%cal Ya5a4]} {, and White has nothing
better than} 28. Ra1 a4 29. Raxa4 Bxa4 30. Rxa4 $13 {Black probably saw that
possibility but aspired for more.}) 27. f4 {White starts moving his kingside
pawns. The position becomes sharp and unclear.} gxf4 28. exf4 a5 29. f5 a4 30.
e6 fxe6 31. f6 Rxd1 32. Rxd1 Bf8 33. Bf4 Bd5 34. Nd2 $2 (34. Ke3 $142 $13 Rg8
$140 35. g3) 34... Rg8 35. g3 $2 (35. Nf3 {may be relatively better although,
of course, hardly pleasant for White.}) 35... Bc5+ {Black wins a pawn but the
following version was probably better:} (35... Rg6 $1 36. c4 ({White must keep
his f6 pawn;} 36. Be5 $143 Rg5 37. Bf4 Rf5) 36... Bb7 37. Be5 Rg5 38. Ba1 Bc5+
39. Ke2 Rxg3 $17) 36. Be3 Bd6 {Of course, Black should avoid the exchange of
bishops.} (36... Bxe3+ $143 37. Kxe3 Rxg3+ 38. Ke2 Rg8 39. Ra1 Bc6 40. Nf3 {
, and White should not lose.}) 37. c4 Bc6 38. Ke2 (38. Nf3 $5 Bxg3+ 39. Ke2 Rf8
40. Nd4 Bd7 41. Rf1) 38... a3 $2 $138 (38... Rxg3 $17) 39. f7 Rxg3 $2 {[%mdl
8192]} (39... Rf8 {was correct but after} 40. Rf1 a2 41. Bd4 e5 42. Be3 (42.
Bc3 $2 Kd7) 42... Rxf7 (42... Kd7 43. Ra1 Ra8 44. Bh6) 43. Ra1 {Black loses
his a-pawn and almost his entire advantage.}) 40. Ne4 $1 Rg2+ ({Of course,
even without time pressure it would be hardly possible for Black to discover
that after} 40... Bxe4 $1 41. Rxd6 Rf3 42. Rxe6 Rxf7 43. Rxe4 a2 44. Bd4 Rh7 $1
{White can't save both his bishop and his c4 pawn. The best he can do is} 45.
Rf4 Rh2+ 46. Rf2 Rh4 47. Ba1 Rxc4 48. Kd3 Ra4 49. Kc3 {etc. hoping to get the
endgame "R+B vs R".}) {After the text move White wins an exchange. Black keeps
good drawing chances, though.} 41. Kf1 Bf8 $8 42. Kxg2 Bxe4+ 43. Kg3 ({Or} 43.
Kh3 e5 44. Bg5 a2 45. Bf6 c6 $1 (45... c5 {doesn't work now:} 46. Bxe5 Bc2 47.
Rd2 Bb3 48. Bf6 Kc7 49. Re2 Bxc4 50. Re8 $18) 46. Rd8+ Kc7 47. Ra8 Kd6 48. Rxa2
Ke6 49. Ra8 Kxf7 50. Bxe5 Bd3 51. Ra4 {, and White can hardly win.}) 43... e5
44. Bg5 a2 45. Bf6 Bd3 $2 (45... c5 $1 {was the right course leading to a draw:
} 46. Bxe5 (46. Rd8+ Kc7) 46... Bc2 $1 47. Rd2 Bb3 {, and} 48. Bf6 Kc7 49. Re2
Bxc4 50. Re8 {doesn't work due to} Bd6+) 46. Bxe5 Bxc4 47. Bf6 {With his pawn
on c6 or c5 instead of c7, Black could have prevented Rd1-d8+ by means of 47...
Kc7 - but not here.} a1=Q 48. Rd8+ 1-0